| 000 | 00957nam a22002775a 4500 | ||
|---|---|---|---|
| 005 | 20160509145837.0 | ||
| 008 | 160509t2014 ii a frb 001 0 eng d | ||
| 020 | _a9788126550906 | ||
| 040 |
_aEG-ScBUE _beng _cEG-ScBUE |
||
| 082 | 0 | 4 |
_222 _a658.05631 _bDEA |
| 100 | 1 |
_aDean, Jared, _939938 _d1978- |
|
| 245 | 1 | 0 |
_aBig data, data mining and machine learning : _bvalue creation for business leaders and practitioners / _cJared Dean. |
| 260 |
_aNew Delhi : _bWiley, _cc.2014. |
||
| 300 |
_axix, 265 p. : _bill. ; _c24 cm. |
||
| 490 | 0 | _aWiley big data series. | |
| 500 | _aIndex : p. 253-265. | ||
| 504 | _aBibliography : p. 247-251. | ||
| 650 | 7 |
_2BUEsh _94282 _aManagement _xData processing. |
|
| 650 | 7 |
_936502 _aBig data. _2BUEsh |
|
| 650 | 7 |
_927695 _aData mining. _2BUEsh |
|
| 650 | 7 |
_911309 _aDatabase management. _2BUEsh |
|
| 650 | 7 |
_912426 _aInformation technology _xManagement. _2BUEsh |
|
| 651 | _2BUEsh | ||
| 653 |
_bCOMSCI _cMay2016 |
||
| 942 | _2ddc | ||
| 999 |
_c21715 _d21687 |
||